ნოველები : (ბიბ.ჩანაწერი № 40172)
[ მარტივი ფორმატი ]
| 000 -ლიდერი | |
|---|---|
| ფიქსირებული სიგრძის საკონტროლო ველი | 00753nam a2200205Ia 4500 |
| 001 - საკონტროლო ნომერი | |
| საკონტროლო ველი | 6778 |
| 003 - საკონტროლო ნომრის იდენტიფიკატორი | |
| საკონტროლო ველი | GE_BSU |
| 005 - ბოლო ოპერაციის თარიღი და დრო | |
| საკონტროლო ველი | 20191230122152.0 |
| 008 - ფიქსირებული სიგრძის მონაცემთა ელემენტები - ზოგადი ინფორმაცია | |
| ფიქსირებული სიგრძის საკონტროლო ველი | 181216s1945||||ge |||||||||||||| ||geo|| |
| 040 ## - კატალოგიზაციის წყარო | |
| Transcribing agency | GE_BSU |
| 041 ## - ენის კოდი | |
| Language code of text/sound track or separate title | geo |
| 080 ## - უნივერსალური ათობითი კლასიფიკაციის ინდექსი | |
| Universal Decimal Classification number | 821.353.1-32 გ-45 |
| 100 ## - მთავარი ჩანაწერი - პიროვნების სახელი | |
| Personal name | გვეტაძე, რაჟდენ. |
| 9 (RLIN) | 5973 |
| 245 ## - ცნობა სათაურის შესახებ | |
| Title | ნოველები : |
| Remainder of title | კრებული / |
| Statement of responsibility, etc | რაჟდენ გვეტაძე ; რედ. დ. ბენაშვილი. |
| 264 ## - წარმოების, გამოცემის, დისტრიბუციის და სხვა ცნობები | |
| გამოცემის, წარმოების, დისტრიბუციის... ადგილი | თბილისი : |
| გამოცემის, წარმოების, დისტრიბუციის... სახელწოდება | საბჭ.მწერალი, |
| გამოცემის, წარმოების, დისტრიბუციის... თარიღი | 1945. |
| 300 ## - ფიზიკური აღწერა | |
| Extent | 296 გვ. ; |
| Dimensions | 16 სმ. |
| 653 ## - INDEX TERM--UNCONTROLLED | |
| Uncontrolled term | ნოველები |
| 700 ## - ADDED ENTRY--PERSONAL NAME | |
| Personal name | ბენაშვილი, დ. |
| Relator term | რედაქტორი |
| 9 (RLIN) | 4319 |
| 942 ## - ADDED ENTRY ELEMENTS (KOHA) | |
| Koha item type | წიგნი |
| Source of classification or shelving scheme | |
| ჩამოწერის სტატუსი | დაკარგული ეგზემპლარის სტატუსი | კლასიფიკაციის წყარო ან თაროზე გაწყობის სქემა | დაზიანების სტატუსი | არ გაიცემა | მუდმივი მდებარეობა (დაცვის ადგილი) | ამჟამინდელი ადგილსამყოფელი | თაროზე განთავსების ადგილი | შეძენის თარიღი | ღირებულება, შესყიდვის ნორმალური ფასი | სრული შენახვის შიფრი | შტრიხკოდი | ბოლო ოპერაციის თარიღი | ეგზემპლარის მიმდევრობითი ნომერი (კეტერი?) | ფასის ძალაში შესვლის თარიღი | ეგზემპლარის სახეობა | საჯარო შენიშვნა |
|---|---|---|---|---|---|---|---|---|---|---|---|---|---|---|---|---|
| ბათუმის შოთა რუსთაველის სახელმწიფო უნივერსიტეტის მთავარი ბიბლიოთეკა | ბათუმის შოთა რუსთაველის სახელმწიფო უნივერსიტეტის მთავარი ბიბლიოთეკა | წიგნსაცავი | 2018-12-17 | 48.00 | 821.353.1-32 გ-45 | 14610 | 2018-12-17 | 14610 | 2018-12-17 | წიგნი | 48.00 ლ. | |||||
| ბათუმის შოთა რუსთაველის სახელმწიფო უნივერსიტეტის მთავარი ბიბლიოთეკა | ბათუმის შოთა რუსთაველის სახელმწიფო უნივერსიტეტის მთავარი ბიბლიოთეკა | წიგნსაცავი | 2018-12-17 | 48.00 | 821.353.1-32 გ-45 | 14614 | 2018-12-17 | 14614 | 2018-12-17 | წიგნი | 48.00 ლ. | |||||
| ბათუმის შოთა რუსთაველის სახელმწიფო უნივერსიტეტის მთავარი ბიბლიოთეკა | ბათუმის შოთა რუსთაველის სახელმწიფო უნივერსიტეტის მთავარი ბიბლიოთეკა | წიგნსაცავი | 2019-12-30 | 48.00 | 821.353.1-32 გ-45 | 14612 | 2019-12-30 | 14612 | 2019-12-30 | წიგნი | 48.00 ლ. | |||||
| ბათუმის შოთა რუსთაველის სახელმწიფო უნივერსიტეტის მთავარი ბიბლიოთეკა | ბათუმის შოთა რუსთაველის სახელმწიფო უნივერსიტეტის მთავარი ბიბლიოთეკა | წიგნსაცავი | 2019-12-30 | 48.00 | 821.353.1-32 გ-45 | 14613 | 2019-12-30 | 14613 | 2019-12-30 | წიგნი | 48.00 ლ. | |||||
| ბათუმის შოთა რუსთაველის სახელმწიფო უნივერსიტეტის მთავარი ბიბლიოთეკა | ბათუმის შოთა რუსთაველის სახელმწიფო უნივერსიტეტის მთავარი ბიბლიოთეკა | წიგნსაცავი | 2019-12-30 | 48.00 | 821.353.1-32 გ-45 | 14611 | 2019-12-30 | 14611 | 2019-12-30 | წიგნი | 48.00 ლ. |
